000 00709nma a22002057a 4500
005 20210325190115.0
006 g q ||
008 s2523 th thaeng
041 _athaeng
090 _aMAP4740 I
245 1 0 _aบ้านปะละทะ [Map]
260 3 _aกรุงเทพฯ :
_bกรมแผนที่ทหาร,
_c2523
300 _a1 แผ่น (มาตราส่วน 1:
_b50,000)Colour
650 0 4 _aตาก -- แผนที่
650 0 4 _aบ้านปะละทะ (อ.อุ้มผาง) -- ตาก -- แผนที่
850 _aNALT
942 _cCD
997 _c000000000024683
_kVC
998 _aSAIPHON DEENGAM
999 _c24683
_d24683